000 00442nam a2200205Ia 4500
001 12823
003 GE_BSU
008 181216s||||||||xx |||||||||||||| ||und||
020 _a0552150738
040 _cGE_BSU
080 _a821.111-312.4
100 _aBrown,Dan.
245 _aAngels and Demons.
260 _aLondon.
260 _bCorgi Books.
260 _c2000
300 _a619p;18cm.
653 _aAngels and Demons.
942 _cBK
999 _c45994
_d45994